Individuálne očkovanie osôb odchádzajúcich do zahraničia

Bibliographic Details
Main Author: Bazovská, Sylvia, 1938- (Author)
Format: Article
Language:Slovak
Subjects:

MARC

LEADER 00000nab a2200000 a 4500
001 vtls000593439
003 SK-MaSNL
005 20260303015928.0
008 220422c1996 xo 0 slo
015 |a SNBRB19rr/mm-uuuuu 
035 |a CL0593578 
040 |a SNKBUCL  |b slo  |c SNKBUCL  |e AACR2 
041 0 |a slo 
044 |a xo  |c SK 
080 |a 614.47:615.371  |2 1981 
080 |a 615.371  |2 1981 
100 1 |a Bazovská, Sylvia,  |d 1938-  |4 aut  |9 39666 
245 1 0 |a Individuálne očkovanie osôb odchádzajúcich do zahraničia  |c Sylvia Bazovská 
650 0 7 |a vakcinácia  |2 snkbucl  |9 2552 
655 7 |a články z novín a časopisov  |2 snkbucl  |9 267496 
773 0 |t Zdravotnícke noviny  |g Roč. 1, č. 16 (1996), s. 3 
850 |a Slovenská národná knižnica v Martine  |a MTA001 
852 |a SNK  |b KIS3GCP 
958 |a RK 
958 |a ME 
992 |a RBX 
999 |c 1615621  |d 1617551